Devises sur les plaques d'immatriculation canadiennes - Statistiques

Statistiques générales
  • Ce quiz a été pris 5 fois
  • Le résultat moyen est 10 sur 11
Statistiques - réponses
Devise: Province/Territoire: % Correct
Wild Rose Country Alberta
100%
Birthplace of Confederation Île-du-Prince-Édouard
100%
Friendly ________ Manitoba
100%
Canada's Ocean Playground Nouvelle-Écosse
100%
Yours to Discover Ontario
100%
Je me souviens Québec
100%
Land of Living Skies Saskatchewan
100%
The Klondike Yukon
100%
Beautiful ______ Colombie-Britannique
75%
Explore Canada's Arctic Territoires du Nord-Ouest
75%
Come Home Terre-Neuve-et-Labrador
25%
Aucun quiz correspondant
Distribution des résultats
% des personnes avec chaque résultat
Percentile par nombre de réponses
Votre historique - résultats
Vous n’avez pas pris ce quiz